| 000 | 00580cam a22002291 4500 | ||
|---|---|---|---|
| 001 | ne 63000595 | ||
| 003 | DLC | ||
| 005 | 20260227111743.0 | ||
| 008 | 890407s1962 xx k 000 0 ara | ||
| 010 | _ane 63000595 | ||
| 035 | _a(OCoLC)23523497 | ||
| 040 |
_aDLC _cMiU _dDLC |
||
| 042 | _apremarc | ||
| 043 | _af-ua--- | ||
| 050 | 0 | 0 |
_aLB2967 _b.M3 |
| 100 | 1 | _aManqariyūs, Riyāḍ. | |
| 245 | 1 | 3 | _aal-Idārah al-madrasīyah. |
| 260 | _c[1962?] | ||
| 300 |
_a16, 890 p. _bforms. _c24 cm. |
||
| 500 | _aRomanized. | ||
| 650 | 0 |
_aSchool management and organization _zEgypt. |
|
| 999 |
_c45703 _d45703 |
||